=LDR 00000nam 2200000 4500 =001 000250 =990 ##$$a TBM202500060 =990 ##$$a TBM202500060 =005 20250710121737 =035 ##$$a 0010-0725000081 =245 1#$$a Di Hati Riri /$c Zulfa Adiputri =100 #$$a Adiputri, Zulfa =250 ##$$a Cetakan Pertama =300 ##$$a 36 hlm : $b ilus. ; $c 29,7 cm =856 ##$$a TBM AS SUHADA =260 ##$$a Jakarta Timur :$b Badan Pengembangan dan Pembinaan Bahasa,$c 2022 =082 ##$$a 398.209 598 =084 ##$$a 398.209 598 ADI d =020 ##$$a 978-623-118-829-8 =600 #4$$a Cerita anak-Indonesia